| 000 | 00904nam a22003017a 4500 | ||
|---|---|---|---|
| 003 | CHAP | ||
| 005 | 20220329141808.0 | ||
| 008 | 971013s1955 r 00010 d | ||
| 010 | _a73944 | ||
| 011 | _a74916 | ||
| 035 | _a84475 | ||
| 040 | _cCHAP | ||
| 082 |
_a634.925 _bC37 |
||
| 100 | 0 | 0 |
_aCarhart, Arthur Hawthorne. _918953 |
| 245 | _aTimber in your life | ||
| 260 |
_aPhiladelphia : _bLippincott, _c1955 |
||
| 300 | _a317 p. | ||
| 590 |
_aBATCH-UPD _b10 _c20130110 _lUCH01 _h0629 |
||
| 590 |
_aBATCH-UPD _b10 _c20130410 _lUCH01 _h0312 |
||
| 590 |
_aBATCH-UPD _b10 _c20130914 _lUCH01 _h0719 |
||
| 590 |
_aCONVERSION _b10 _c20130109 _lUCH01 _h1340 |
||
| 650 | 1 | 4 |
_aBosques _xE.U.A. _914129 |
| 650 | 1 | 4 |
_aPolĂtica forestal. _990563 |
| 901 | _aBK | ||
| 942 | _cLIBRO | ||
| 949 |
_a634.925 C37 _bBC _cBPA _d-39829 _eBPA _h23543 _i84475 _si |
||
| 949 |
_a634.925 C37 _bBC _cBPA _d-39832 _eBPA _fc.2 _h23544 _i84475 _si |
||
| 999 |
_c73944 _d73944 |
||